Dimensions of sustainability : Architecture form Technology Environment Culture
Salvato in:
| Altri autori: | |
|---|---|
| Natura: | Libro |
| Lingua: | inglese |
| Pubblicazione: |
London :
E. and F.N.Spon,
1998
|
| Tags: |
Nessun Tag, puoi essere il primo ad aggiungerne!!
|
MARC
| LEADER | 00000nam a22000003a 4500 | ||
|---|---|---|---|
| 001 | stu54695 | ||
| 005 | 20150617225658.6 | ||
| 008 | 000802s1998------------------------eng-d | ||
| 020 | |a 0419236201 | ||
| 040 | |a STU |b slo | ||
| 041 | 0 | |a eng | |
| 100 | 1 | |a Scott, Andrew |4 com | |
| 245 | 1 | |a Dimensions of sustainability : |b Architecture form Technology Environment Culture | |
| 260 | |a London : |b E. and F.N.Spon, |c 1998 | ||
| 300 | |a 147 s | ||
| 996 | |b 284AU05038 |c A*3466 U |l AAKNAR |s A |a 24 |w stu54695_0001 | ||